| 000 | 00738nam a22002177a 4500 | ||
|---|---|---|---|
| 003 | OSt | ||
| 005 | 20130603121430.0 | ||
| 008 | 130603s2006 sp ||||| |||| 00| 0 d | ||
| 020 | _a9788498203912 | ||
| 040 | _cCDMR | ||
| 110 | 2 |
_93184 _aCases i Associats |
|
| 245 | 1 | 0 |
_aDiseño de la noticia _b: proyectos 2004-2006 _cCases i Associats |
| 260 |
_a[Barcelona] _bSol90 _cDL 2006 |
||
| 300 |
_a297 p. _bil. col. |
||
| 500 | _aA la coberta: Directores de 26 periódicos de 14 países dan su visión sobre el diseño de la información | ||
| 500 | _aText en castellà i anglès | ||
| 610 | 2 |
_93184 _aCases i Associats |
|
| 650 | 0 | 4 |
_91840 _aDiaris _xDisseny |
| 650 | 0 | 4 |
_9311 _aEmpreses periodístiques _xDirectius _vIntervius |
| 942 |
_2udc _cMON |
||
| 999 |
_c6385 _d6385 |
||